00892nam a2200229 a 450000100100000000500170001000800410002704000250006808200150009310000270010824500280013526000430016330000220020649000390022850000440026750400350031165000310034683000450037791000370042295201860045999900170064500003674820250225115440.0120127s1957 fr 001 0 spa d aDO-SdBNPbspacBNPHU a509bD241h1 aDaumas, Maurice96308210aHistoire de la science. a[Paris] :bLibrairie GAllimard,c1957. a1908 p. ;c18 cm.1 aEncyclopédie de la Pléiade;v5 aIncluye índice de personas y materias aIncluye datos bibliografícos 0aCIENCIA -xHISTORIA925748 0aEncyclopédie de la Pléiaden5963083 aValidado. Control de calidad MFF 001050718RVaGRbGRcHDd2012-01-27iLF1l0o509 D241hp36748-10r2020-06-25w2020-06-25y1zPerteneció a la biblioteca personal de Juan Isidro Jimenes Grullón.ZNo se presta c36239d36239